000 00945nam1a22002291i 4500
001 rc\2946592
005 20240723221223.0
035 _a(NLR Aleph) 007094659
090 _a6609325
_c6609325
100 _a20110828g19391940|||y0rusy50 ca
101 0 _aeng
_arus
102 _aRU
105 _ay z |||||
200 1 _aОсновной курс английского языка
_fСост. С. Понтович
_gПод ред. В. Менжинской
_gГос. Центр. ин-т заоч. обуч. яз. Ин-яз. Москва
210 _aМосква
_cБ. и.
_d1939-1940
_eМосква
_gШкола ФЗУ ОГИЗ'а треста "Полиграфкнига"
215 _d22 см
300 _aБез тит. л. и обл. Описано по 1-й с. текста
700 1 _aПонтович
_bС.В.
_gСофия Викторовна
801 0 _aRU
_bNLR
_gpsbo
801 1 _aRU
_bELAR
_2rusmarc
852 _aNLR
_j39-17/312
942 _cBOOK